دراسة الحالة لذوي الاحتياجات الخاصة = (رقم التسجيلة. 27004)

تفاصيل مارك
000 -الفاتح
حقل البيانات ثابتة الطول 00766nam a22002177a 4500
003 - محدد رقم الضبط
رقم الضبط OSt
005 - وقت وتاريخ اخر تعامل مع التسجيلة
رقم الضبط 20150408114111.0
008 - عناصر البيانات ثابتة الطول - معلومات عامة
حقل البيانات ثابتة الطول 130126s2011 jo a g b 00| 0dara d
020 ## - الرقم الدولى المعيارى للكتب
الرقم الدولى المعيارى للكتاب 9789957067212
040 ## - مصدر الفهرسة
وكالة الفهرسة الأصلية MU
082 04 - رقم تصنيف ديوى العشرى
رقم الطبعة 21
رقم التصنيف 362.4
رقم المادة ز أ د
100 1# - المدخل الرئيسى - إسم شخصى
الإسم الشخصى أبو زيد، أحمد محمد
9 (RLIN) 19750
245 ## - بيان العنوان
العنوان دراسة الحالة لذوي الاحتياجات الخاصة =
بقية العنوان People with special needs /
بيان المسئوليه,etc أحمد محمد أبو زيد.
246 31 - العنوان الموازى
عنوان صحيح/عنوان مختصر People with special needs
250 ## - بيان الطبعة
بيان الطبعة ط. 1.
260 ## - PUBLICATION, DISTRIBUTION, ETC. (IMPRINT)
مكان الناشر او الموزع عمان، الأردن :
اسم الناشر او الموزع دار المسيرة،
تاريخ النشر أو التوزيع 2011.
300 ## - الوصف المادى
التعداد 304 ص. :
تفاصيل ماديه اخرى للوعاء جداول ؛
أبعاد الوعاء 24 سم.
504 ## - تبصرة ببليوجرافية
تبصرة ببليوجرافية,الخ ببليوجرافية : ص. 291-304.
650 #4 - المدخل الاضافى بالموضوع-مصطلح موضوعى
مصطلح موضوعي أو اسم جغرافي كعنصر مدخل المعوقون
التقسيم الفرعي العام رعاية.
9 (RLIN) 14984
942 ## - عناصر المدخل الإضافي( كوها)
مصدر التصنيف او مخطط الترفيف Dewey Decimal Classification
Koha [default] item type DVD
المقتنيات
حالة الفقد نموذج السعر الفعال حالة تلف ليس للاعارة رقم الطلب رقم النسخة تاريخ الاكتساب الموقع الحالي الباركود الفرع الرئيسي Date last seen نوع المادة فى نظام كوها مصدر التصنيف او خطة الترفيف Total Checkouts Date last checked out
  2013-03-10     362.4 ز أ د ن 1 2013-01-26 المكتبة المركزية بالمجمعة (CL) 00108051 المكتبة المركزية بالمجمعة (CL) 2013-03-10 كتاب Dewey Decimal Classification    
  2013-03-10     362.4 ز أ د ن 2 2013-01-26 المكتبة المركزية بالمجمعة (CL) 00108052 المكتبة المركزية بالمجمعة (CL) 2013-03-10 كتاب Dewey Decimal Classification    
  2013-03-10     362.4 ز أ د ن 3 2013-01-26 المكتبة المركزية بالمجمعة (CL) 00108053 المكتبة المركزية بالمجمعة (CL) 2013-03-10 كتاب Dewey Decimal Classification    
  2013-10-23     362.4 ز أ د   2013-10-23 قسم الاجراءات الفنية (IC) 00600241 قسم الاجراءات الفنية (IC) 2013-10-23 كتاب Dewey Decimal Classification    
  2013-10-22     362.4 ز أ د   2013-10-22 مكتبة كلية التربية بالزلفى - طالبات (EZF) 00600171 مكتبة كلية التربية بالزلفى - طالبات (EZF) 2013-10-22 كتاب Dewey Decimal Classification    
  2013-10-22     362.4 ز أ د   2013-10-22 مكتبة كلية التربية بالزلفى - طالبات (EZF) 00600172 مكتبة كلية التربية بالزلفى - طالبات (EZF) 2013-10-22 كتاب Dewey Decimal Classification    
  2013-10-23     362.4 ز أ د   2013-10-23 مكتبة كلية التمريض - طالبات (CNF) 00600237 مكتبة كلية التمريض - طالبات (CNF) 2015-04-30 كتاب Dewey Decimal Classification 1 2015-03-02
  2013-10-23     362.4 ز أ د   2013-10-23 مكتبة كلية التمريض - طالبات (CNF) 00600238 مكتبة كلية التمريض - طالبات (CNF) 2013-10-23 كتاب Dewey Decimal Classification    
  2013-10-23     362.4 ز أ د   2013-10-23 مكتبة كلية العلوم و الدراسات الإنسانية برماح - طالبات (SRF) 00600239 مكتبة كلية العلوم و الدراسات الإنسانية برماح - طالبات (SRF) 2013-10-23 كتاب Dewey Decimal Classification    
  2013-10-23     362.4 ز أ د   2013-10-23 مكتبة كلية العلوم و الدراسات الإنسانية برماح - طالبات (SRF) 00600240 مكتبة كلية العلوم و الدراسات الإنسانية برماح - طالبات (SRF) 2013-10-23 كتاب Dewey Decimal Classification    
  2013-10-22     362.4 ز أ د   2013-10-22 مكتبة مجمع الطالبات بالمجمعة (EMF) 00600168 مكتبة مجمع الطالبات بالمجمعة (EMF) 2013-10-22 كتاب Dewey Decimal Classification    
  2013-10-22     362.4 ز أ د   2013-10-22 مكتبة مجمع الطالبات بالمجمعة (EMF) 00600169 مكتبة مجمع الطالبات بالمجمعة (EMF) 2013-10-22 كتاب Dewey Decimal Classification    
  2013-10-22     362.4 ز أ د   2013-10-22 مكتبة مجمع الطالبات بالمجمعة (EMF) 00600170 مكتبة مجمع الطالبات بالمجمعة (EMF) 2013-10-22 كتاب Dewey Decimal Classification